000
00328nam a2200169Ia 4500
100
_a
Margolis/Michael
650
_a
Arduino
942
_c
BK
366
_f
20
654
_a
arduino
245
_a
Arduino cook book
260
_b
Oreilly
_c
2012
082
_a
5.133
_b
MAR
300
_a
699
546
_a
ENGLISH
999
_c
26297
_d
26297